Detalles MARC
| 000 -LIDER |
| fixed length control field |
01640nam a22002897a 4500 |
| 003 - IDENTIFICACDOR DE NÚMERO DE CONTROL |
| control field |
DO-SdBNP |
| 005 - DATE AND TIME OF LATEST TRANSACTION |
| control field |
20220225112204.0 |
| 008 - ELEMENTOS DE LONGITUD FIJA |
| fixed length control field |
210217b 1999 dr 00| 0 spa d |
| 020 ## - ISBN |
| International Standard Book Number |
9768175524 |
| 040 ## - FUENTE DE CATALOGACIÓN |
| Agencia que crea de manera original el registro |
BPMSU |
| Idioma de catalogación |
spa |
| Agencia que realiza la transcripción |
BPMSU |
| 082 ## - NÚMERO DE CLASIFICACIÓN DECIMAL DE DEWEY |
| Classification number |
325.210943097293 |
| Item number |
D582e |
| Edition number |
22 |
| 100 1# - ASIENTO PRINCIPAL -- NOMBRE PERSONAL |
| Nombre personal |
Marte Roberto |
| Fechas asociadas con el nombre |
|
| 245 ## - MENCIÓN DE TITULO |
| Título |
Escritos autobiográficos sobre Santo Domingo / |
| Mención de responsabilidad |
Hidel Domin ; versión Roberto Marte ; traductor MoniKa Hartung |
| 260 ## - PUBLICACIÓN, DISTRIBUCIÓN, ETC. (PIE DE IMPRENTA) |
| Lugar de publicación, distribución, etc |
Santo Domingo : |
| Nombre del editor, distribuidor, etc. |
Librería la Trinitaria, |
| Fecha de publicación, distribución, etc |
1999 |
| 300 ## - DESCRIPCIÓN FÍSICA |
| Extensión |
97 p. ; |
| Dimensiones |
21 cm. |
| 500 ## - NOTA GENERAL |
| Nota general |
incluye datos biográfico de los autores en la contraportada. |
| 500 ## - NOTA GENERAL |
| Nota general |
Incluye referencias bibliográficas y notas al pie de páginas. |
| 505 0# - NOTA DE CONTENIDO |
| Texto normalizado de contenido |
Hilde Domin: La diosa de la lengua -- Mis Moradas: -- Relatos sobre una isla: Contados para niños -- Mas pormenores sobre Gogh, el de una oreja -- La hora de la verdad: Deliberación policial sobre Gogh -- Repatriación -- No más plátanos: Relato sobre el fin de la guerra -- Libros: “Grillos” . |
| 590 ## - NOTA LOCAL |
| Enlace |
Inventariado, 2021/MC |
| 650 #4 - ENCABEZAMIENTO DE MATERIA--TEMÁTICO |
| Término temático o nombre geográfico como elemento de entrada |
Alemanes en Santo Domingo |
| 650 #4 - ENCABEZAMIENTO DE MATERIA--TEMÁTICO |
| Término temático o nombre geográfico como elemento de entrada |
Refugiados alemanes |
| Subdivisión temática general |
Relatos personales |
| 651 #4 - ENCABEZAMIENTO DE MATERIA--NOMBRE GEOGRÁFICO |
| Nombre geográfico |
República Dominicana |
| Subdivisión temática general |
Migración e inmigración |
| 700 1# - ASIENTO SECUNDARIO -- NOMBRE PERSONAL |
| Nombre personal |
Domin, Hidel |
| Fechas asociadas con el nombre |
1912- |
| 700 1# - ASIENTO SECUNDARIO -- NOMBRE PERSONAL |
| Nombre personal |
Hartung, Monika |
| Mención de responsabilidad |
tr. |
| 910 ## - VALIDACIÓN |
| Validación |
MCabrera/V Mateo V. |
| 942 ## - ADDED ENTRY ELEMENTS (KOHA) |
| Source of classification or shelving scheme |
Dewey Decimal Classification |
| Koha item type |
Libros |